Histoire des femmes et du genre : De l'Antiquité à nos jours (notice n° 2198556)
[ vue normale ]
| 000 -LEADER | |
|---|---|
| fixed length control field | 01741cam a2200157 4500500 |
| 005 - DATE AND TIME OF LATEST TRANSACTION | |
| control field | 20260405085549.0 |
| 041 ## - LANGUAGE CODE | |
| Language code of text/sound track or separate title | fre |
| 042 ## - AUTHENTICATION CODE | |
| Authentication code | dc |
| 100 10 - MAIN ENTRY--PERSONAL NAME | |
| Personal name | Chaperon, Sylvie |
| Relator term | author |
| 245 00 - TITLE STATEMENT | |
| Title | Histoire des femmes et du genre : De l'Antiquité à nos jours |
| 260 ## - PUBLICATION, DISTRIBUTION, ETC. | |
| Name of publisher, distributor, etc. | Armand Colin,<br/> |
| Date of publication, distribution, etc. | 2022.<br/> |
| 520 ## - SUMMARY, ETC. | |
| Summary, etc. | L’histoire des femmes et du genre a permis depuis une quarantaine d’années un considérable renouvellement de la recherche historique. Ce champ nouveau ne se contente pas d’enrichir l’histoire, il transforme la discipline elle-même et ses méthodes. L’inclusion des femmes et plus globalement du genre modifie la chronologie et les catégories d’analyse, mais invite aussi à relire la documentation disponible. Ainsi, de l’Antiquité à nos jours, cet ouvrage dessine une autre histoire, à travers les sources les plus variées qui présentent une riche représentation des femmes. Textes privés ou publics, littérature juridique, documents archéologiques, iconographie, médias… sont autant de sources essentielles qui permettent une analyse en termes de genre des sociétés occidentales dans tous les domaines : politique, religieux, judiciaire, éducatif, médical, du travail, mais également monde de l’intime. L’ouvrage propose ainsi une méthodologie pour aborder et analyser ces sources et, grâce à son ampleur chronologique, distingue l’essentiel de l’accessoire, et permet de discuter les ruptures ou continuités qui ne se résument pas à la périodisation classique. |
| 700 10 - ADDED ENTRY--PERSONAL NAME | |
| Personal name | Grand-Clément, Adeline |
| Relator term | author |
| 700 10 - ADDED ENTRY--PERSONAL NAME | |
| Personal name | Mouysset, Sylvie |
| Relator term | author |
| 856 41 - ELECTRONIC LOCATION AND ACCESS | |
| Uniform Resource Identifier | <a href="https://shs.cairn.info/histoire-des-femmes-et-du-genre--9782200634049?lang=fr&redirect-ssocas=7080">https://shs.cairn.info/histoire-des-femmes-et-du-genre--9782200634049?lang=fr&redirect-ssocas=7080</a> |
Pas d'exemplaire disponible.




Réseaux sociaux